Fotografía : manual de color e iluminación /
Contenido: 1) El color, su historia y su relación con la fotografía; 2) Características y propiedades del color; 3) Película y papel a color; 4) Laboratorio analógico a color; 5) Laboratorio digital a color; 6) La luz y su efecto sobre la fotografía a color; 7) Filtros; 8) Técnicas de iluminación.
Uloženo v:
| Hlavní autor: | |
|---|---|
| Další autoři: | , |
| Médium: | Kniha |
| Jazyk: | španělština |
| Vydáno: |
México :
UNAM, Escuela Nacional de Artes Plásticas,
2008, c2008
|
| Edice: | (Manuales ENAP)
|
| Témata: | |
| Tagy: |
Žádné tagy, Buďte první, kdo vytvoří štítek k tomuto záznamu!
|
MARC
| LEADER | 00000nam^a2200000^a^4500 | ||
|---|---|---|---|
| 001 | 000297184 | ||
| 005 | 20250521000000.0 | ||
| 009 | 20260310112330.843 | ||
| 020 | |a 978-607-2-00281-4 | ||
| 037 | |a Acervo ITESO - Biblioteca | ||
| 041 | |a ESP | ||
| 082 | |a 702. 8 |b MAN V. 4 | ||
| 100 | |a Lynn Glynn, Gale |e (autor) | ||
| 245 | 1 | 0 | |a Fotografía : |b manual de color e iluminación / |c G. Lynn Glynn, C. Rodrigo Enríquez, A. Rosales Ramírez. |
| 264 | 4 | |a México : |b UNAM, Escuela Nacional de Artes Plásticas, |c 2008, c2008 | |
| 300 | |a 131 p. | ||
| 336 | |a texto |b txt |2 rdacontenido | ||
| 337 | |a sin mediación |b n |2 rdamedio | ||
| 338 | |a volumen |b nc |2 rdasoporte | ||
| 440 | 1 | |a (Manuales ENAP) | |
| 520 | |a Contenido: 1) El color, su historia y su relación con la fotografía; 2) Características y propiedades del color; 3) Película y papel a color; 4) Laboratorio analógico a color; 5) Laboratorio digital a color; 6) La luz y su efecto sobre la fotografía a color; 7) Filtros; 8) Técnicas de iluminación. | ||
| 649 | |a XX | ||
| 650 | |a Fotografía en Color - |x Iluminación - |x Tema Principal | ||
| 650 | |a Fotografía en Color - |x Procesos de Impresión - |x Tema Principal | ||
| 650 | |a Fotografía en Color - |x Técnica - |x Tema Principal | ||
| 650 | |a Fotografía Digital - |x Técnica | ||
| 650 | |a Fotografía - |x Técnica | ||
| 650 | |a Arte - |x Técnica | ||
| 700 | |a Rodrigo Enríquez, Corinna | ||
| 700 | |a Rosales Ramírez, Arturo | ||
| 910 | |a Fondo General | ||
| 920 | |a Impresos - Libros | ||
| 930 | |a Colección General | ||
| 905 | |a 101 | ||
| 901 | |a 0500182822 |b IT1 |c ACC |i C122703 |u 20250521 | ||
| 902 | |a https://opac.biblio.iteso.mx/vufind/Record/000297184 | ||